00575nam a22002057a 4500003000500000005001700005008004100022010001000063011001000073035001000083040000900093082001500102100002300117245005000140260004000190300004100230490003800271650002200309830003800331CHAP20220329134937.0971013s1967 r 00010 d a28467 a29439 a33550 cCHAP a548.5bK5Y00aKnight, Charles A. aCristalización de líquidos sobreenfriados aMéxico, D. F. :bReverté,c1967 a158 p.b: ilus. ; láms. ; gráfs. aVan Nostrand momentum booksv; 1414aCristalización.0 aVan Nostrand momentum booksv; 14